Practical reason, Aristotle, and weakness of the will (Record no. 24098)
[ view plain ]
| 000 -LEADER | |
|---|---|
| fixed length control field | 00558nam a2200217Ia 4500 |
| 003 - CONTROL NUMBER IDENTIFIER | |
| control field | 0100 |
| 008 - FIXED-LENGTH DATA ELEMENTS--GENERAL INFORMATION | |
| fixed length control field | 130303s9999 xx 000 0 und d |
| 020 ## - INTERNATIONAL STANDARD BOOK NUMBER | |
| International Standard Book Number | 0816612463 |
| 040 ## - CATALOGING SOURCE | |
| Transcribing agency | ARRUPELIB |
| 050 ## - LIBRARY OF CONGRESS CALL NUMBER | |
| Classification number | B491.E7D33 1984 |
| 300 ## - PHYSICAL DESCRIPTION | |
| Other physical details | 302p. 25 cm |
| 100 ## - MAIN ENTRY--PERSONAL NAME | |
| Personal name | Dahl, Norman O |
| 245 ## - TITLE STATEMENT | |
| Title | Practical reason, Aristotle, and weakness of the will |
| 260 ## - PUBLICATION, DISTRIBUTION, ETC. (IMPRINT) | |
| Place of publication, distribution, etc | Minneapolis |
| 260 ## - PUBLICATION, DISTRIBUTION, ETC. (IMPRINT) | |
| Name of publisher, distributor, etc | University of Minnesota Press |
| 260 ## - PUBLICATION, DISTRIBUTION, ETC. (IMPRINT) | |
| -- | 1984 |
| 300 ## - PHYSICAL DESCRIPTION | |
| Extent | xi |
| 440 ## - SERIES STATEMENT/ADDED ENTRY--TITLE | |
| Title | Minnesota publications in humanity; v.4 |
| 650 ## - SUBJECT ADDED ENTRY--TOPICAL TERM | |
| Topical term or geographic name as entry element | PHILOSOPHY |
| 942 00 - ADDED ENTRY ELEMENTS (KOHA) | |
| Koha issues (borrowed), all copies | 1 |
| Withdrawn status | Lost status | Source of classification or shelving scheme | Damaged status | Not for loan | Collection code | Home library | Current library | Shelving location | Date acquired | Total Checkouts | Full call number | Barcode | Date last seen | Date checked out | Copy number | Price effective from | Koha item type |
|---|---|---|---|---|---|---|---|---|---|---|---|---|---|---|---|---|---|
| Library of Congress Classification | Main Collection | ARRUPE LIBRARY | ARRUPE LIBRARY | 04/03/2013 | 1 | B491.E7D33 1984 | 46003091671 | 14/05/2026 | 09/02/2015 | 1 | 04/03/2013 | Monograph ( Printed materials) |